01546nam a2200289 a 450000100100000000500170001000800410002702000180006804000250008608200200011110000350013124500850016626000360025130000310028759000650031860000570038360000600044060000640050070000320056404900090059695201320060595201320073795201320086995201170100195201230111899900150124100000346120200929150441.0090709s2007 dr c 000 0 spa d a9789945421514 aDO-SdBNPbspacBNPHU a610.6952bS678r1 aSocías Pérez, Rafael9111813aEl rey y el dinosaurio /cRafael Socías Pérez ; prefacio Richard A. Deremee. a[Santo Domingo :bs.n.,c2007]. a165 p. :bretrs. ;c23 cm. aLa biblioteca posee 3 ejemplares autografiadas por el autor.14aSOCÍAS PÉREZ, RAFAEL,xRELATOS PERSONALES91077514aJAMES, GERAINT,xCORRESPONDENCIA, MEMORIAS, ETC.91077614aWEGENER, FRIEDRICH,xCORRESPONDENCIA, MEMORIAS, ETC.9107771 aDeremee, Richard A.,910778 aBNPD 001054708DSaGRbGRcCTd2009-07-09iLF1l0o610.6952 S678rp3461-30r2020-06-25te. 3w2020-06-25yLFDSZPréstamo en sala 001054708DSaGRbGRcCTd2010-02-23iLF1l0o610.6952 S678rp3461-40r2020-06-25te. 4w2020-06-25yLFDSZPréstamo en sala 001054708DSaGRbGRcCTd2010-02-23iLF1l0o610.6952 S678rp3461-50r2020-06-25te. 5w2020-06-25yLFDSZPréstamo en sala 0010718PDaPDbPDcCTd2009-07-09iLF1l0o610.6952 S678rp3461-10r2020-06-25w2020-06-25yLFPDZNo se presta 0010718PDaPDbPDcCTd2009-07-09iLF1l0o610.6952 S678rp3461-20r2020-06-25te. 2w2020-06-25yLFPDZNo se presta c3290d3290